| 000 | 01153nam a2200325 a 4500 | ||
|---|---|---|---|
| 001 | ebr10231229 | ||
| 003 | CaPaEBR | ||
| 006 | m u | ||
| 007 | cr cn||||||||| | ||
| 008 | 720317s1954 mnu s 001 0 eng d | ||
| 010 | _z 54010288 | ||
| 015 | _aGB55-60 | ||
| 020 | _z9780816600953 | ||
| 020 | _z9780816663279 | ||
| 040 |
_aCaPaEBR _cCaPaEBR |
||
| 035 | _a(OCoLC)233576031 | ||
| 050 | 1 | 4 |
_aHV9278 _b.K4 1954eb |
| 082 | 0 | 4 | _a364.6 |
| 100 | 1 | _aKeve, Paul W. | |
| 245 | 1 | 0 |
_aPrison, probation, or parole? _h[electronic resource] : _bA probation officer reports. |
| 260 |
_aMinneapolis : _bUniversity of Minnesota Press, _c[1954] |
||
| 300 | _a263 p. | ||
| 500 | _aIncludes index. | ||
| 533 |
_aElectronic reproduction. _bPalo Alto, Calif. : _cebrary, _d2013. _nAvailable via World Wide Web. _nAccess may be limited to ebrary affiliated libraries. |
||
| 650 | 0 |
_aProbation _vCase studies. |
|
| 650 | 0 |
_aParole _vCase studies. |
|
| 655 | 7 |
_aElectronic books. _2local |
|
| 710 | 2 | _aebrary, Inc. | |
| 856 | 4 | 0 |
_uhttp://site.ebrary.com/lib/rucke/Doc?id=10231229 _zAn electronic book accessible through the World Wide Web; click to view |
| 999 |
_c39618 _d39618 |
||